Wszystkie Reprezentacje Które kiedykolwiek były na podium Mundialu - Statystyki

Ogólne statystyki
  • Ten quiz został rozwiązany 1 890 razy
  • Średni wynik to 16 z 20
Statystyki odpowiedzi
# Odpowiedź 1m. 2m. 3m. razem medali % Poprawnych
2 Brazylia 5 2 2 9
99%
1 Niemcy (w tym III Rzesza oraz RFN) 4 4 4 12
98%
4 Argentyna 3 3 - 6
97%
5 Francja 2 2 2 6
96%
11 Polska - - 2 2
95%
16 Hiszpania 1 - - 1
93%
3 Włochy 4 2 1 7
92%
20 Anglia 1 - - 1
90%
10 Urugwaj 2 - - 2
88%
6 Holandia - 3 1 4
84%
15 Portugalia - - 1 1
84%
7 Chorwacja - 1 2 3
83%
18 Belgia - - 1 1
78%
13 Stany Zjednoczone - - 1 1
74%
8 Szwecja - 1 2 3
70%
9 Węgry - 2 - 2
57%
17 Chile - - 1 1
56%
14 Turcja - - 1 1
55%
12 Czechosłowacja - 2 - 2
45%
19 Austria - - 1 1
42%
Nie znaleziono quizów pasujących do podanych kryteriów
Rozkład punktacji
Procent ludzi z każdym wynikiem
Percentyl według liczby udzielonych odpowiedzi
Twoja historia wyników
Nie rozwiązałeś tego quizu